000 00536cam a2200205ua 4500
001 11177
005 20260515114720.0
008 190902n ii |||gr||||Z||||||asm
020 _a9788120287730
040 _cMAIN
041 _aasm
082 _a891.4513
100 _aGirindra Nath Bharali,
_eEditor.
245 _aUpanyas bishleshan jyoti
_cEdited by Girindra Nath Bharali
250 _a1st ed.
260 _aNagaon:
_bSaraswati DN prakashan,
_c2015.
300 _a213p.
653 _aCriticism on Assamese novel
942 _cBK
999 _c10030
_d10030